000 00667nam a2200205Ia 4500
003 GCL
008 140319s9999 xx 000 0 ara d
040 _aGCL /
_cGCL
082 0 4 _a913.0310567
_bم م
100 1 _aمحفوظ صالح مخير
245 1 0 _aمبادئ الاثار السياحية /
_cمحفوظ صالح مخير
700 1 _aنضال عبدالعال امين
300 _a326 ص
490 _aالهيئة العامة للاستعلامات
_v0
650 0 4 _aالعالم العربى
650 0 4 _aالعراق القديم - تاريخ
650 0 4 _aالعراق - تاريخ
650 0 4 _aالعراق - اثار
942 _2ddc
_cBK
999 _c48176
_d48176